000 00540nam a2200193Ia 4500
005 20260120130323.0
008 008 260114s9999 xx 000 0 eng d
020 _a9780191602245
037 _aEBOOK
040 _aCRL
_beng
_cCRL
041 _aeng
_2eng
084 _qCRL
100 _aHacker
_9913609
245 0 _aWittgenstein: Connections and Controversies
260 _bOxford University PressOxford University Press
_c2005
856 _uhttps://academic.oup.com/book/12883
942 _cEBOOK
999 _c1505509
_d1505509